Food science in developing countries: selection of unsolved problems

Guardat en:
Dades bibliogràfiques
Autor corporatiu: National Academy of Sciences. Advisory Committe on Technology Innovation (Autor)
Format: Llibre
Idioma:anglès
Publicat: Washington, D.C National Academy of Sciences 1974
Washington, D.C National Research Council 1974
Matèries:
Etiquetes: Afegir etiqueta
Sense etiquetes, Sigues el primer a etiquetar aquest registre!

MARC

LEADER 00000nam a2200000 a 4500
001 UCV3746
003 CL-VaPUC
008 910823e19740000US |||||||||||||||||eng|d
082 0 4 |a 664  |b NAT  |2 21 
110 2 |a National Academy of Sciences. Advisory Committe on Technology Innovation  |e author  |9 298070 
245 1 0 |a Food science in developing countries: selection of unsolved problems 
300 |a 79 p 
942 |c BK 
945 |d 19910823 00:00:00 
260 |a Washington, D.C  |b National Academy of Sciences  |c 1974 
260 |a Washington, D.C  |b National Research Council  |c 1974 
650 7 |a TECNOLOGIA DE ALIMENTOS  |2 CL-VaPUC  |9 298071 
650 0 |a Alimentos  |9 256203 
650 0 |a Nutrición   |9 259434 
583 |a last modification  |c 20120409 10:06:14  |k Rodrigo Vera 
999 |c 210883  |d 210881 
952 |0 0  |1 0  |4 0  |6 664_000000000000000_NAT_1974_1974  |7 0  |8 A  |9 187834  |a BIBALI  |b BIBALI  |c GEN  |d 2019-11-14  |i 255352K  |o 664 NAT 1974 1974  |p 255352K  |r 2024-01-24  |w 2019-11-14  |y BK  |k ALI